| 000 | 00376nam a2200157Ia 4500 | ||
|---|---|---|---|
| 999 |
_c977 _d977 |
||
| 008 | 191201s2005 xx 000 0 und d | ||
| 020 | _a9788120307865 | ||
| 082 |
_a004.0151 _bRAC |
||
| 100 | _aRajaraman, V | ||
| 245 | 0 | _aComputer Oriented Numerical Methods | |
| 250 | _a3rd | ||
| 260 |
_aN.Delhi _bPHI _c2005 |
||
| 300 | _a196 | ||
| 650 | _aB.Tech(CSE) | ||
| 942 |
_2ddc _cBK _010 |
||